История развития холодной объёмной штамповки; Инновационные технологии и экономика в машиностроении

Détails bibliographiques
Parent link:Инновационные технологии и экономика в машиностроении.— 2007.— С. 252-256
Auteur principal: Чернова С. А.
Langue:russe
Publié: 2007
Sujets:
Format: Chapitre de livre
KOHA link:https://koha.lib.tpu.ru/cgi-bin/koha/opac-detail.pl?biblionumber=135535

MARC

LEADER 00000naa2a2200000 4500
001 135535
005 20231031140118.0
035 |a (RuTPU)RU\TPU\book\146889 
090 |a 135535 
100 |a 20080411d2007 k y0rusy50 ca 
101 0 |a rus 
102 |a RU 
200 1 |a История развития холодной объёмной штамповки  |f С. А. Чернова 
320 |a Библиогр.: 3 назв. 
463 0 |0 (RuTPU)RU\TPU\book\136479  |t Инновационные технологии и экономика в машиностроении  |o V Всероссийская научно-практическая конференция с международным участием, г. Юрга 14-15 сентября 2007 г.  |o труды  |f Томский политехнический университет (ТПУ) ; Юргинский технологический институт (филиал) ; под ред. Д. А. Чинахова  |v С. 252-256  |d 2007  |p 558 с. 
610 1 |a штамповка 
610 1 |a история 
610 1 |a объёмная штамповка 
610 1 |a холодная штамповка 
610 1 |a заготовки 
610 1 |a труды учёных ТПУ 
700 1 |a Чернова  |b С. А. 
801 1 |a RU  |b 63413507  |c 20080411  |g PSBO 
942 |c BK